00602cam a2200205Ii 45000010008000000030006000080050017000140080041000310200022000720400023000940820016001171000025001332400021001582450030001792600051002093000020002605000053002805040052003336500011003852418169OCoLC20190117094014.0760908c19761967nyu 001 0 eng d a0385113676c$3.50 aSLCcSLCdOCLdCMJ a262.7bK96C1 aKüng, Hans,d1928-10aKirche.lEnglish14aThe Church /cHans Küng aGarden City, N.Y. :bImage Books,c1976, c1967 a655 p. ;c18 cm aOriginally published under the title: Die Kirche aIncludes bibliographical references and indexes 0aChurch